<?xml version="1.0" encoding="UTF-8"?><?xml-stylesheet type="text/xsl" href="static/style.xsl"?><OAI-PMH xmlns="http://www.openarchives.org/OAI/2.0/" xmlns:xsi="http://www.w3.org/2001/XMLSchema-instance" xsi:schemaLocation="http://www.openarchives.org/OAI/2.0/ http://www.openarchives.org/OAI/2.0/OAI-PMH.xsd"><responseDate>2026-04-18T14:41:07Z</responseDate><request verb="GetRecord" identifier="oai:riubu.ubu.es:10259/8727" metadataPrefix="marc">https://riubu.ubu.es/oai/request</request><GetRecord><record><header><identifier>oai:riubu.ubu.es:10259/8727</identifier><datestamp>2024-05-17T07:51:41Z</datestamp><setSpec>com_10259_8721</setSpec><setSpec>com_10259_3812</setSpec><setSpec>com_10259.4_106</setSpec><setSpec>com_10259_2604</setSpec><setSpec>col_10259_8722</setSpec></header><metadata><record xmlns="http://www.loc.gov/MARC21/slim" xmlns:doc="http://www.lyncode.com/xoai" xmlns:xsi="http://www.w3.org/2001/XMLSchema-instance" xmlns:dcterms="http://purl.org/dc/terms/" xsi:schemaLocation="http://www.loc.gov/MARC21/slim http://www.loc.gov/standards/marcxml/schema/MARC21slim.xsd">
<leader>00925njm 22002777a 4500</leader>
<datafield tag="042" ind1=" " ind2=" ">
<subfield code="a">dc</subfield>
</datafield>
<datafield tag="720" ind1=" " ind2=" ">
<subfield code="a">Megino Fernández, Diego</subfield>
<subfield code="e">author</subfield>
</datafield>
<datafield tag="260" ind1=" " ind2=" ">
<subfield code="c">2015-02</subfield>
</datafield>
<datafield tag="520" ind1=" " ind2=" ">
<subfield code="a">La reciente crisis económica global ha dejado sentir sus negativos efectos en gran parte de los mercados laborales nacionales, el español entre ellos. En él, el de los desempleados más jóvenes representa uno de los colectivos que más está sufriendo sus consecuencias.&#xd;
&#xd;
Para corregir la situación, el legislador interno se ha embarcado en un ambicioso plan: mediante continuos textos normativos, ofrecer alternativas a la población más joven para salir de una situación a la que, sin remedio, se han visto empujados. En concreto, son tres los pilares centrales de su estrategia: la contratación, la formación y el emprendimiento.&#xd;
&#xd;
Sin embargo, el fin no puede justificar siempre los medios, sobre todo cuando, como es el caso, estos últimos se traducen en una notable depreciación de las condiciones laborales, primando el elemento cuantitativo (la inserción) sobre el cualitativo (la calidad en el empleo).&#xd;
&#xd;
El presente trabajo se centrará en el análisis de las manifestaciones más significativas de este fenómeno.</subfield>
</datafield>
<datafield tag="520" ind1=" " ind2=" ">
<subfield code="a">The recent global economic crisis has had negative effects on many national labor markets, the Spanish one among them. Within it, the younger unemployed represent one of the groups that most suffer the consequences. In order to correct the situation, the domestic legislator has embarked on an ambitious plan: through continuous normative texts, offers alternatives to the younger population to get out of a situation, in which hopelessly has been led. Specifically, there are three central pillars of its strategy: hiring, training and entrepreneurship. However, the end can not always justify the means, especially when, as is the case, the latter result in a significant depreciation of working conditions, prevailing the quantitative factor (insertion) on the qualitative one (quality in the employment). The present work focuses on the analysis of the most significant expressions of this phenomenon.</subfield>
</datafield>
<datafield tag="024" ind2=" " ind1="8">
<subfield code="a">2792-8314</subfield>
</datafield>
<datafield tag="024" ind2=" " ind1="8">
<subfield code="a">http://hdl.handle.net/10259/8727</subfield>
</datafield>
<datafield tag="024" ind2=" " ind1="8">
<subfield code="a">10.51302/rtss.2015.2554</subfield>
</datafield>
<datafield tag="024" ind2=" " ind1="8">
<subfield code="a">2792-8322</subfield>
</datafield>
<datafield ind1=" " ind2=" " tag="653">
<subfield code="a">Jóvenes</subfield>
</datafield>
<datafield ind1=" " ind2=" " tag="653">
<subfield code="a">Mercado de trabajo</subfield>
</datafield>
<datafield ind1=" " ind2=" " tag="653">
<subfield code="a">Empleabilidad</subfield>
</datafield>
<datafield ind1=" " ind2=" " tag="653">
<subfield code="a">Inserción laboral</subfield>
</datafield>
<datafield ind1=" " ind2=" " tag="653">
<subfield code="a">Precariedad laboral</subfield>
</datafield>
<datafield ind1=" " ind2=" " tag="653">
<subfield code="a">Young people</subfield>
</datafield>
<datafield ind1=" " ind2=" " tag="653">
<subfield code="a">Laboral market</subfield>
</datafield>
<datafield ind1=" " ind2=" " tag="653">
<subfield code="a">Employability</subfield>
</datafield>
<datafield ind1=" " ind2=" " tag="653">
<subfield code="a">Employment</subfield>
</datafield>
<datafield ind1=" " ind2=" " tag="653">
<subfield code="a">Job insecurity</subfield>
</datafield>
<datafield tag="245" ind1="0" ind2="0">
<subfield code="a">Jóvenes y mercado de trabajo: Precariedad a cambio de inserción laboral</subfield>
</datafield>
</record></metadata></record></GetRecord></OAI-PMH>